| 000 | 00704cam a2200253Mi 4500 | ||
|---|---|---|---|
| 001 | 81072 | ||
| 005 | 20230410105443.0 | ||
| 008 | 000101s2001 dr 000 0 spa d | ||
| 035 | _a(OCoLC)ocn250017485 | ||
| 040 |
_aGyGoGBV _erakwb _bger _cGBVCP |
||
| 020 | _a9506942498 | ||
| 020 | _a9789506942496 | ||
| 024 | 8 | _aSPKT685080 | |
| 035 | _a(OCoLC)250017485 | ||
| 050 | 1 | 4 |
_aHC 125 _bG633g 2001 |
| 100 | 1 | _aGómez Berges, Victor. | |
| 245 | 1 | 0 |
_aGlobalización y miseria / _cVíctor Gómez Berges. Pról. de .... |
| 250 | _a2a ed. | ||
| 260 |
_aSanto Domingo, Dom. Rep. : _bGrupo Ed. Latinoamericano, _c2001. |
||
| 300 | _a185 p. | ||
| 942 |
_2lcc _cbk |
||
| 994 |
_aC0 _bDRFGD |
||
| 946 | _arpeña | ||
| 999 |
_c37037 _d37037 |
||